Score 0/22 Timer 02:00
0 Plays Today
Clue 4-Letter Rung % Correct
ResignQUIT
94.1%
► Small examination, possibly ''pop'' ◄► QUIZ ◄
90.6%
► Succeed on an examination ◄► PASS ◄
88.5%
AutumnFALL
86.5%
► Bomb an examination ◄► FAIL ◄
85.7%
Diamonds or hearts, e.g.SUIT
85.5%
Letters and packages, e.g.MAIL
80.9%
Quantity of matter in an objectMASS
80.6%
Tripped, perhapsFELL
75.4%
Companion animalsPETS
73.5%
► Large examination, possibly standardized ◄► TEST ◄
71.3%
Clue 4-Letter Rung % Correct
Roman god of warMARS
68.5%
StrokesPATS
66.6%
Woolen clothFELT
64.8%
A partyFEST
60.5%
Calcium carbonate-rich mudMARL
56.8%
Gregor Mendel's green and yellow subjectsPEAS
52.5%
Car or ejection, e.g.SEAT
50.7%
Beef or mutton fat used for tallowSUET
47.8%
Decomposed matterPEAT
46.7%
► Numerical fact, such as a grade, used for analysis ◄► STAT ◄
36.6%
''Let it stand''STET
29.1%

Today's Daily Dose

Remove Ads.
Support Sporcle.
Get the best of Sporcle when you Go Orange. This ad-free experience offers more features, more stats, and more fun while also helping to support Sporcle. Thank you for becoming a member.

You're not logged in!

Compare scores with friends on all Sporcle quizzes.
OR
Log In

Show Comments

Extras

Top Quizzes Today


Score Distribution

Your Account Isn't Verified!

In order to create a playlist on Sporcle, you need to verify the email address you used during registration. Go to your Sporcle Settings to finish the process.

Report this User

Report this user for behavior that violates our Community Guidelines.

Details: